1564 1106 1896 1028 1573 1833 1590 1326 1880 1111 1634 1384 1912 1009 1354 1838 1884 1814 1849 1095 1136 1812 1981 1692 1651 1202 1327 1821 1907 1026 1614 1179 1809 1278 1836 1079 1301 1699 1029 1142 1194 1964 1932 1761 1615 1100 1652 1727 1273 1118 1379 1082 1088 1963 1172 1797 1449 1889 1545 1219 1437 1388 1599 1550 1120 1982 1866 1179 1845 1071 1246 1384 1630 1076 1923 1334 1614 1449 1839 1084 1667 1458 1129 1486 1780 1992 1426 1722 1649 1230 1092 1932 1288 1920 1379 1085 1070 1578 1182 BCNSPRNW ULIB Ver.6.0+V

เปลี่ยนเป็นภาษาไทย

Change to English
 แสดงรายละเอียดบรรณานุกรม
  กลับหน้าหลัก

Brief Record : Get Marc (ISO 2709) : E-mail record : QR code < ปิดหน้าต่าง
LEADER : 00000nam 2200000uu 4500
001    13399113824
003     ULIB
008    120109s2550||||th 000 0 tha d
020    ^a9744469946
090    ^aนว.^bน540ข 2550
100 0  ^aน้ำหนึ่ง
245 00 ^aขอรักเธออีกสักครั้ง/^cน้ำหนึ่ง
250    ^aพิมพ์ครั้งที่ 1
260    ^aกรุงเทพฯ :^bณ บ้านวรรณกรรม,^c2550
300    ^a336 หน้า
710 1  ^aณ บ้านวรรณกรรม
945    ^p265^l0^i15309
995    ^aกัณชพร
999    ^aใช้งานได้ทุกระบบ
รายการนี้ยังไม่มีแท็ก
คุณยังไม่ได้ล็อกอิน คุณสามารถมีกิจกรรมร่วมกับเว็บไซต์ได้ แต่ต้องล็อกอินก่อน ::
  ล็อกอิน

รายการสื่อสารสนเทศ

ลำดับที่ ประเภท เลขเรียก/บาร์โค้ด สถานที่ สถานะ
1. นวนิยาย
นวนิยาย
นว. น540ข 2550  
  Barcode: 15309
ห้องสมุดวิทยาเขตสวรรค์ประชารักษ์
►นวนิยาย
บนชั้น
  ขอยืม

BibComment


ยังไม่เคยถูกคอมเมนท์

คอมเมนท์ทรัพยากรรายการนี้
  คอมเมนท์: ขอรักเธออีกสักคร..


 Copyright 2026. Bcnsprnw @Library